| 000 | 00525nam a2200193 a 4500 | ||
|---|---|---|---|
| 005 | 20220826112813.0 | ||
| 008 | 991125s1977 mx 000 0 spa u | ||
| 020 | _a9682300606 | ||
| 035 | _aUPN01000006949 | ||
| 049 | _aCG | ||
| 050 | 4 |
_aPQ8519 _bB4.2 |
|
| 100 | 1 |
_aBenedetti, Mario, _d1920-2009 |
|
| 245 | 1 | 3 |
_aLa casa y el ladrillo / _cpor Mario Benedetti. |
| 260 |
_aMéxico : _bSiglo XXI, _c1977. |
||
| 300 |
_a138 p. : _bil. |
||
| 440 | 3 | _aLa creación literaria | |
| 650 | 7 |
_aPoesía uruguaya _2 _91317 |
|
| 905 | _aLibro | ||
| 999 |
_c6949 _d6949 |
||